The Political Works of John Milton / (Record no. 63231)
[ view plain ]
| 000 -LEADER | |
|---|---|
| fixed length control field | 00664nam a2200229 a 4500 |
| 001 - CONTROL NUMBER | |
| control field | 63231 |
| 003 - CONTROL NUMBER IDENTIFIER | |
| rucl marc code | BD-RjUL |
| 005 - DATE AND TIME OF LATEST TRANSACTION | |
| control field | 20211209081155.0 |
| 008 - FIXED-LENGTH DATA ELEMENTS--GENERAL INFORMATION | |
| fixed length control field | 170129s1952 enk||||| |||| 00| 0 eng d |
| 035 ## - SYSTEM CONTROL NUMBER | |
| System control number | (BD-RjUL)63360 |
| 040 ## - CATALOGING SOURCE | |
| Original cataloging agency | BD-RjUL |
| Language of cataloging | eng |
| Transcribing agency | BD-RjUL |
| 041 ## - LANGUAGE CODE | |
| Language code of text/sound track or separate title | eng |
| 082 ## - DEWEY DECIMAL CLASSIFICATION NUMBER | |
| Edition number | 23 |
| Classification number | 821.3 |
| Author mark and year | MIP V-1 1952 |
| 100 ## - MAIN ENTRY--PERSONAL NAME | |
| Personal name | Milton, John |
| 9 (RLIN) | 186681 |
| 245 ## - TITLE STATEMENT | |
| Title | The Political Works of John Milton / |
| Statement of responsibility, etc. | John Milton ; Helen Darbishire |
| 260 ## - PUBLICATION, DISTRIBUTION, ETC. (IMPRINT) | |
| Place of publication, distribution, etc. | Oxford : |
| Name of publisher, distributor, etc. | At the clarendon press, |
| Date of publication, distribution, etc. | 1952. |
| 300 ## - PHYSICAL DESCRIPTION | |
| Pagination | V. |
| Size | 24 cm. |
| 505 ## - FORMATTED CONTENTS NOTE | |
| Formatted contents note | V. 1 Paradise Lost -- |
| 600 ## - SUBJECT ADDED ENTRY--PERSONAL NAME | |
| Personal name | Milton, John |
| Dates associated with a name | 1608-1674 |
| 700 ## - ADDED ENTRY--PERSONAL NAME | |
| Personal name | Darbishire, Helen |
| 942 ## - ADDED ENTRY ELEMENTS (KOHA) | |
| Source of classification or shelving scheme | Dewey Decimal Classification |
| Koha item type | Books |
| Lost status | Source of classification or shelving scheme | Damaged status | Not for loan | Collection code | Permanent Location | Current Location | Shelving location | Date acquired | Source of acquisition | Cost, normal purchase price | Total Checkouts | Full call number | Date last seen | Copy number | Koha item type |
|---|---|---|---|---|---|---|---|---|---|---|---|---|---|---|---|
| Dewey Decimal Classification | Not For Loan | Non-fiction | Central Library, University of Rajshahi | Central Library, University of Rajshahi | Reading Room | 19/08/1955 | O.U.P | 15.00 | 821.3 MIP V-1 1952 | 29/01/2017 | C-1 | Books |